00717nam a2200205Ia 4500003000400000005001700004008004100021020001800062040001800080041000800098082001900106100002600125245016600151250001200317260004400329300002800373650004100401650003000442650003900472OSt20260103103113.0210716s2017 xx 000 0 und d a9781788292436 cAIMIT LIBRARY aeng a005.764 bROLM aRoldan, Maria Carina. aLearning pentaho data integration 8 CE: bEnd to end guide to exploring transforming and integrating your data across multiple sources /cBy Maria Carina Roldan. a3rd ed. aMumbai :bPackt Publishing Ltd ,c2017. aix,480p.;bPBc24.5 cm. aGetting started with transformations aReading and writing files aManipulating PDI data and metadata